| 000 | 00903nam a2200301Ia 4500 | ||
|---|---|---|---|
| 001 | Para_7648 | ||
| 003 | CHAP | ||
| 008 | 220125s1983 xx 000 0 und d | ||
| 010 | _a206542 | ||
| 040 | _cCHAP | ||
| 082 | _aPA 632.9 Y68 | ||
| 100 |
_aYoudeowei, Anthony _9123186 |
||
| 245 |
_aPest and vector management in the tropics : _b with particular reference to insects, ticks, mites and snails / _c by Anthony Youdeowei |
||
| 260 |
_aLondon : _b Longman |
||
| 300 | _a399 p. | ||
| 650 |
_aControl de plagas _927595 |
||
| 650 |
_aCultivos _x plagas _930305 |
||
| 650 |
_aEntomología económica _937145 |
||
| 650 |
_aInsectos _x trópicos _958945 |
||
| 650 |
_aInsectos como vectores _958956 |
||
| 901 | _aPA 632.9 Y68 | ||
| 902 | _aA | ||
| 905 | _a0000001983 a 0000000000 00 | ||
| 910 | _a1983 | ||
| 942 | _cPARA | ||
| 942 |
_cPARA _d1 |
||
| 999 |
_c206542 _d206542 |
||